000 00464nam a22001817a 4500
003 NUST - PNEC
005 20170116180753.0
008 150313b xxu||||| |||| 00| 0 eng d
020 _a-
040 _cLIBRARY
082 _a891.4391 WAS
100 _91834
_aWasif Ali Wasif
245 _aBharay Bharolay
_cWasif Ali Wasif
260 _aLahore
_bKashif Publications
_cc1995
300 _a127 p. :
650 _91832
_aUrdu Literature
_xGeneral
942 _2ddc
_cBK
999 _c62621
_d62621